LDR 00874naa#a2200181#i#450# 001 RU\\bibl\121468 005 20260514065529.4 011 ## _a1994-4683 100 ## _a20230531b2023####ek#y0rusy0150####ca 102 ## _aRU 200 1# _aПЕДАГОГИЧЕСКИЕ УСЛОВИЯ ПОВЫШЕНИЯ МОТИВАЦИИ СТУДЕНТОВ К ЗАНЯТИЯМ ФИЗИЧЕСКОЙ КУЛЬТУРОЙ _eЖурнальная статья 210 1# _aМосква _cНациональный государственный Университет физической культуры, спорта и здоровья им. П.Ф. Лесгафта _d2023 215 ## _a8 с. 608 ## _aЖурнальная статья _2local 675 ## _aфизической культуре. 372.879.6 _z 700 #1 _aТертычный _gА В 700 #1 _aКизько _gА П 856 4# _auchzapiski.lesgaft.spb.ru _u